LEADER 01500nas a2200349 a 4500
001 c000180297
003 CARM
005 20011009162109.0
008 011009c99992001caubr1p 0 a0eng d
019 1 |a 23098490  |5 LACONCORD2021 
035 |a (OCoLC)47783689  |5 LACONCORD2021 
040 |a CStRLIN  |b eng  |c QBON 
050 4 |a QA76.76.E95  |b I35 
245 0 0 |a IEEE intelligent systems. 
246 1 |i Masthead for Jan./Feb. 2001 issue has title:  |a IEEE intelligent systems and their applications. 
246 2 |a Institute of Electrical and Electronic Engineers intelligent systems. 
260 |a Los Alamitos, CA :  |b IEEE Computer Society, Publications Office,  |c c2001- 
300 |a v. :  |b ill. ;  |c 28 cm. 
310 |a Bimonthly. 
362 0 |a Vol. 16, no. 1 (Jan./Feb. 2001)- 
500 |a Title from cover. 
530 |a Available also on the Internet to the subscribers (full text in PDF file). 
650 0 |a Artificial intelligence  |v Periodicals. 
650 0 |a Expert systems (Computer science)  |v Periodicals. 
710 2 |a Institute of Electrical and Electronics Engineers (U.S.) 
710 2 |a IEEE Computer Society.  |b Publications Office. 
780 0 0 |t IEEE intelligent systems & their applications. 
852 8 |b CARM  |h A2:AQ18B0  |i D06926  |p 0238731  |f SE 
866 0 |a 16(2001) 
866 |a 16(2001) 
999 f f |i cfee0e85-6a23-5047-a9b7-a9465ba79d21  |s 7908a53b-f149-5bbe-8e50-c3e2a0e9bfc8 
952 f f |p Can circulate  |a CAVAL  |b CAVAL  |c CAVAL  |d CARM 1 Store  |e D06926  |f A2:AQ18B0  |h Other scheme  |i book  |k 16(2001)  |m 0238731